|
|
|
|
| LEADER |
01048nam a2200289 a 4500 |
| 001 |
14677312 |
| 008 |
100517s2008 maua b 001 0 eng d |
| 010 |
|
|
|a 2006102821
|
| 020 |
|
|
|a 9780071274227
|
| 020 |
|
|
|a 9780073526706 (alk. paper)
|
| 020 |
|
|
|a 0073526703 (alk. paper)
|
| 040 |
|
|
|a DLC
|c DLC
|d DLC
|d DB-DhAAL
|
| 082 |
0 |
0 |
|a 658.15/11
|2 22
|
| 100 |
1 |
|
|a Garrison, Ray H.
|
| 245 |
1 |
0 |
|a Managerial accounting /
|c Ray H. Garrison, Eric W. Noreen, Peter C. Brewer.
|
| 250 |
|
|
|a 12th ed.
|
| 260 |
|
|
|a Boston :
|b McGraw-Hill/Irwin,
|c c2008.
|
| 300 |
|
|
|a xxi, 792 p. :
|b col. ill. ;
|c 29 cm.
|
| 504 |
|
|
|a Includes bibliographical references and index.
|
| 541 |
1 |
|
|e 00018108
|
| 650 |
|
0 |
|a Managerial accounting.
|
| 700 |
1 |
|
|a Noreen, Eric W.
|
| 700 |
1 |
|
|a Brewer, Peter C.
|
| 852 |
4 |
|
|a Ayesha Abed Library
|j General Shelf.
|
| 942 |
0 |
0 |
|0 4
|
| 999 |
|
|
|c 8628
|d 8628
|
| 952 |
|
|
|0 0
|1 0
|2 ddc
|4 0
|6 658_151100000000000_GAR_2008
|7 0
|9 10296
|a BRACUL
|b BRACUL
|c GEN
|d 2010-05-18
|l 44
|m 265
|o 658.1511 GAR
|p 3010018108
|q 2025-07-20
|r 2018-07-23
|s 2018-07-23
|t 1
|w 2010-05-18
|y BK
|